| 000 | 02352nam0a2200349 i 4500 | ||
|---|---|---|---|
| 001 | RU\NLR\BIBL_A\010968460 | ||
| 005 | 20240921173906.0 | ||
| 010 |
_a9785990691582 _9115 |
||
| 021 |
_aRU _b2016-2293 _9139 |
||
| 035 | _a(NILC)RuMoRGB-008118483 | ||
| 035 | _a(NLR Aleph) 010968460 | ||
| 090 |
_a10809829 _c10809829 |
||
| 100 | _a20160202d2015 km y0rusy50 ca | ||
| 101 | 0 | _arus | |
| 102 | _aRU | ||
| 105 | _aa|||z||||01yy | ||
| 200 | 1 |
_aПерспективы развития и пути совершенствования финансовой системы Российской Федерации _eматериалы III Всероссийской научно-практической конференции молодых ученых, аспирантов, магистрантов и студентов, Севастополь, 28-31 октября 2015 г. _f[науч. ред.: Кричевец Е. А., к. э. н., доц.] |
|
| 210 |
_aСевастополь _cСевГУ _d2015 |
||
| 215 |
_a278 с. _cил. _d20 |
||
| 300 | _aВ надзаг.: М-во образования и науки Рос. Федерации, ФГАОУ ВО "Севастоп. гос. ун-т", ФГАОУ ВО "Крым. федер. ун-т им. В. И. Вернадского", Севастоп. фил. Рос. экон. ун-та им. Г. В. Плеханова, Каф. "Финансы и кредит" Сев ГУ | ||
| 320 | _aБиблиогр. в конце ст. | ||
| 606 | 1 |
_aФинансовая система _jСъезды, совещания и т.п _yРоссийская Федерация _92109788 _3RU\NLR\AUTH\661275166 |
|
| 675 | _a336 | ||
| 686 | 1 | _aУ26(2)11я431 | |
| 702 | 1 |
_aКричевец _bЕ. А. _4340 |
|
| 711 | 1 | 2 |
_a"Перспективы развития и пути совершенствования финансовой системы Российской Федерации", всероссийская научно-практическая конференция молодых ученых, аспирантов, магистрантов и студентов _d3 _eСевастополь _f2015 _9504601 _3RU\NLR\AUTH\880419806 |
| 801 | 0 |
_aRU _bРГБ _c20160119 _gRCR |
|
| 942 | _cBOOK | ||
| 980 | _aNBR | ||